Robótica industrial : fundamentos y aplicaciones /
Contenido: Introducción a la robótica industrial; Estructura mecánica y sistemas de accionamiento; Unidad de control y programación; Especificaciones comerciales de un robot industrial; Programación de robots; Simulación y programación off-line; Implantación de robots; Aplicaciones industriales cons...
Guardado en:
| Hovedforfatter: | |
|---|---|
| Andre forfattere: | |
| Format: | Bog |
| Sprog: | spansk |
| Udgivet: |
Madrid, España :
McGraw-Hill,
2000, c2000
|
| Serier: | (Electrotecnologías ;
20) |
| Fag: | |
| Tags: |
Ingen Tags, Vær først til at tagge denne postø!
|
MARC
| LEADER | 00000nam^a2200000^a^4500 | ||
|---|---|---|---|
| 001 | 000146422 | ||
| 005 | 20250521000000.0 | ||
| 009 | 20260310095911.573 | ||
| 020 | |a 84-481-2819-2 | ||
| 037 | |a Acervo ITESO - Biblioteca | ||
| 041 | |a ESP | ||
| 082 | |a 629. 892 |b REN | ||
| 100 | |a Rentería, Arantxa |e (autor) | ||
| 245 | 1 | 0 | |a Robótica industrial : |b fundamentos y aplicaciones / |c A. rentería, M. Rivas. |
| 264 | 4 | |a Madrid, España : |b McGraw-Hill, |c 2000, c2000 | |
| 300 | |a XI, 309 p. | ||
| 336 | |a texto |b txt |2 rdacontenido | ||
| 337 | |a sin mediación |b n |2 rdamedio | ||
| 338 | |a volumen |b nc |2 rdasoporte | ||
| 440 | 1 | |a (Electrotecnologías ; |v 20) | |
| 520 | |a Contenido: Introducción a la robótica industrial; Estructura mecánica y sistemas de accionamiento; Unidad de control y programación; Especificaciones comerciales de un robot industrial; Programación de robots; Simulación y programación off-line; Implantación de robots; Aplicaciones industriales consolidadas; Aplicaciones especiales y robots de servicio; Mercado de robots y tendencias de la robótica. | ||
| 649 | |a XX | ||
| 650 | |a Robótica en la Industria | ||
| 650 | |a Actuadores (Electrónica) | ||
| 650 | |a Automatización | ||
| 650 | |a Maquinaria | ||
| 650 | |a Tecnología | ||
| 650 | |a Industria Electrónica | ||
| 650 | |a Métodos de Simulación | ||
| 650 | |a Programación (Software) | ||
| 650 | |a Robótica | ||
| 650 | |a Control Automático | ||
| 650 | |a Inteligencia Artificial | ||
| 650 | |a Ingeniería Computacional | ||
| 650 | |a Ingeniería Industrial | ||
| 650 | |a Ingeniería | ||
| 700 | |a Rivas, María |e (autor) | ||
| 910 | |a Fondo General | ||
| 920 | |a Impresos - Libros | ||
| 930 | |a Colección General | ||
| 905 | |a 101 | ||
| 901 | |a 0500075616 |b IT1 |c ACC |u 20250521 | ||
| 901 | |a 0500076012 |b IT1 |c ACC |u 20250521 | ||
| 901 | |a 0500090483 |b IT1 |c ACC |u 20250521 | ||
| 902 | |a https://opac.biblio.iteso.mx/vufind/Record/000146422 | ||